Tilastot visalle Tonttugangi

Klikkaa tästä pelataksesi tätä visaa!

Yleistilastot

  • Tätä visaa on pelattu 13 kertaa
    (11 viimeisimmän päivityksen jälkeen)
  • Keskiarvotulos 5 / 9

Vastaustilastot

TonttulajiNimi% Oikein
SaunatonttuToljanteri
100%
KotitonttuArko
50%
KotitonttuNaperoinen
50%
SaunatonttuSalli
50%
SaunatonttuTerku
50%
SaunatonttuVerko
50%
JoulutonttuBjörn
33%
JoulutonttuFeetu
33%
JoulutonttuSarka
33%

Tulosjakauma

Persentiili vastausten määrän mukaan

Jokaisen tuloksen saaneiden osuus

Tuloshistoriasi

Et ole pelannut tätä visaa sen viimeisimmän päivityksen jälkeen